| 000 | 01503nam a2200301 a 4500 | ||
|---|---|---|---|
| 001 | 000008373 | ||
| 003 | DO-SdBNP | ||
| 005 | 20251020122127.0 | ||
| 007 | 000008373 | ||
| 008 | 090916s2002 dr 000 j spa d | ||
| 020 | _a9993491225 | ||
| 040 |
_aBPMSU _bspa _cBPMSU |
||
| 082 | 4 |
_aH863 _bU54r 2002 _222 |
|
| 111 | 2 |
_aPremio Internacional de Cuento Casa de Teatro _d(2002 : _cSanto Domingo) |
|
| 245 | 0 | 0 |
_aUn ruinoso café en el París de entonces / _cedición Vivian Lechuga. |
| 260 |
_aSanto Domingo : _bCasa de Teatro, _c2002. |
||
| 300 |
_a173 p. ; _c21 cm. |
||
| 505 | 0 |
_aLos cronopios, las putas y un ruinoso café en el París de entonces/ _rAmir Valle -- _tAlma de mar/ _rRafael Gómez -- _a¡Travesuras de muchachos!/ _rLeo Silverio -- _tMi adorada matrioshka/ _rEmilio Aragón Colvile -- _tLa antena/ _rMiguel Bucarelli -- _tMacario/ _rMaria Jozer Florez -- _aEl bacá/ _rHerman R. Mella chavier -- _tInstantes de confusión/ _rRafael Nolasco Morel -- _tPara Elisa, que es mi vida... / _rFederico Sánchez -- _tFlor de sabana / _rJesús Segura Martínez -- _tEl viejo cumpleaños de Erasmo/ _rRamón Enrique Molina. |
|
| 586 | _aPremio Internacional de Cuento Casa de Teatro, 2002 | ||
| 590 | _aInventariado, 2024/VM | ||
| 650 | 4 |
_aCuentos hispanoamericanos _ySiglo XX |
|
| 650 | 4 | _aLiteratura hispanoamericana | |
| 650 | 4 | _aCuentos dominicanos | |
| 650 | 4 | _aCertámenes literarios | |
| 700 | 1 |
_aLechuga, Vivian, _eeditor |
|
| 710 | 2 | _aCasa de Teatro (República Dominicana) | |
| 942 |
_2ddc _cBK |
||
| 999 |
_c7852 _d7852 |
||